| 000 | 00966nab a2200301 4500 | ||
|---|---|---|---|
| 003 | BR-BrBNA | ||
| 005 | 20240418085131.0 | ||
| 008 | 240418b bl.||||| |||| 00| 0 por d | ||
| 040 |
_aBR-BrBNA _bpor |
||
| 072 | _aQ03 ; T10 ; S30 | ||
| 100 | _aCypriano, Lucas | ||
| 245 | _aDioxinas e reciclagem animal; parte 1 - entendendo para reduzir riscos | ||
| 500 | _a22 ref.; 8 illus.; 2 tables; 2 graphs | ||
| 650 | _aPRODUTO DE ORIGEM ANIMAL | ||
| 650 | _aFARINHA | ||
| 650 | _aGORDURA ANIMAL | ||
| 650 | _aRESÍDUO INDUSTRIAL | ||
| 650 | _aRECICLAGEM | ||
| 650 | _aCOMPOSTO QUÍMICO | ||
| 650 | _aEFEITO RESIDUAL | ||
| 650 | _aTOXIDEZ | ||
| 650 | _aCOMBUSTÃO | ||
| 650 | _aSAÚDE HUMANA | ||
| 650 | _aPROFILAXIA | ||
| 773 | 0 |
_09543 _9314348 _dSão Paulo - SP: Editora Stilo, 2021. _o2024-0604 _tRevista Graxaria Brasileira (Brasil) _gv. 12(67) p. 58-65; (Jan-Feb 2019) _wBR2024000567 |
|
| 942 | _cAnalítica | ||
| 999 |
_c299218 _d299218 |
||